00790nam a2200181Ia 4500003000900000008004100009020001800050040001600068080002700084111009600111245024200207260003700449300002300486650002000509700002900529700002300558700002700581IN-BaIIA211028s9999 xx 000 0 eng d a0-7923-2609-1 cIIA Library a524.382-43(063)bTHE-2 aNATO Advanced Research Workshop on theory of Accretion Disks - 2cGarchingd1993 Mar. 22-26 0aTheory of accretion disks - 2bproceedings of the NATO advanced Research Workshop on theory of accretion disks - 2, held in Garching, Germany, 22-26 Mar 1993cedited by Wolfgang J Duschl..[et.al]  aDordrechtbKluwer Academicc1994 a[various pagings.] aAccretion disks aDuschl, Wolfgang J., ed. aFrank, Juhan., ed. aMeyer, Friedrich., ed.